Histoire - Dates de création de ces pays - Statistiques

Statistiques générales
  • Ce quiz a été pris 90 fois
  • Le résultat moyen est 6 sur 20
Statistiques - réponses
Pays Année de création % Correct
Etats-Unis 1776
68%
Turquie 1923
60%
Belgique 1830
53%
Grèce 1830
53%
Corée du Sud 1948
53%
Allemagne 1871
49%
Slovaquie 1992
49%
Italie 1860
42%
Mexique 1821
33%
Brésil 1822
32%
Libéria 1822
32%
Argentine 1816
30%
Albanie 1912
30%
Serbie 1878
15%
Hongrie 1000
10%
Espagne 1479
5%
Pays-Bas 1648
5%
Ecosse 843
3%
Pologne 960
3%
Bulgarie 681
1%
Aucun quiz correspondant
Distribution des résultats
% des personnes avec chaque résultat
Percentile par nombre de réponses
Votre historique - résultats
Vous n’avez pas pris ce quiz